| 000 | 00551nam a2200193Ia 4500 | ||
|---|---|---|---|
| 008 | 240729s9999 xx 000 0 und d | ||
| 022 | _a2468-0257 | ||
| 245 | 0 | _aGreen Energy & Environment | |
| 260 | _aChina | ||
| 260 | _bKeAi Communications Co., Ltd. | ||
| 650 | _a Biology (General) | ||
| 650 | _a Ecology | ||
| 650 | _a Mechanical engineering and machinery | ||
| 650 | _a Renewable energy sources | Science | ||
| 650 | _aTechnology | ||
| 856 | _uhttps://doaj.org/toc/e9f85340ac9b4320b039abd90216990e | ||
| 942 | _2ddc | ||
| 942 | _cDOAJEJ | ||
| 999 |
_c67648 _d67648 |
||
| 945 |
_a1 _bMadushi Gamage _c1 _dMadushi Gamage |
||